[Event "Belgrade tt Cup"]
[Site "Belgrade"]
[Date "2009.04.10"]
[Round "3"]
[White "Popovic, Andrija"]
[Black "Kurtanovic, M Besim"]
[Result "1-0"]
[WhiteElo "2245"]
[BlackElo "1977"]
[PlyCount "127"]
[EventDate "2009.04.08"]
[EventType "tourn"]
[EventRounds "5"]
[EventCountry "YUG"]
[SourceTitle "CBM 129 Extra"]
[Source "ChessBase"]
[SourceDate "2009.05.05"]
[SourceVersion "2"]
[SourceVersionDate "2009.05.20"]
[SourceQuality "1"]

1. e4 d6 2. d4 Nf6 3. Nc3 Nc6 4. h3 g6 5. Nf3 Bg7 6. Bf4 0-0 7. Bc4 a6 8. 0-0 Rb8 9. Re1 h6 10. e5 Ne8 11. g4 dxe5 12. dxe5 Qxd1 13. Raxd1 e6 14. Bg3 b6 15. Bf1 Bb7 16. Nd4 Nxd4 17. Rxd4 Bh8 18. f4 Ng7 19. Bh4 Rfc8 20. Ne4 Ne8 21. Bg2 Bg7 22. Red1 Bf8 23. Kh2 Bc5 24. R4d3 Bb4 25. a3 Bf8 26. R3d2 Bd5 27. Nc3 Bxg2 28. Kxg2 Bc5 29. Kf3 Kf8 30. Rd7 Kg8 31. Ne4 Bf8 32. Bg3 a5 33. h4 b5 34. h5 a4 35. hxg6 fxg6 36. c3 c5 37. Ra7 Ra8 38. Rb7 Rab8 39. Ra7 Ra8 40. Rdd7 b4 41. axb4 cxb4 42. cxb4 Bxb4 43. Bh4 a3 44. bxa3 Bxa3 45. Bf6 Bf8 46. Be7 Rxa7 47. Rxa7 Rc7 48. Rxc7 Nxc7 49. Nf6+ Kf7 50. Bd8 Ne8 51. Ne4 Be7 52. Bb6 Ng7 53. Be3 Bb4 54. Nf2 h5 55. Ne4 hxg4+ 56. Kxg4 Be7 57. Bc5 Bd8 58. Nd6+ Kf8 59. Nf5+ Kf7 60. Nd4 Nf5 61. Nc6 Bh4 62. Kf3 Be7 63. Bxe7 Nxe7 64. Nd8+ 1-0